Teaching statistics in school mathematics-challenges for teaching and teacher education

Guardat en:
Dades bibliogràfiques
Autor principal: Reading, Chris (Autor)
Autor corporatiu: Comisión Internacional para la Enseñanza de las Matemáticas, Asociación Internacional de Educación Estadística, Conferencia conjunta de estudios ICMI/IASE
Altres autors: Batanero, Carmen (Editor), Burrill, Gail (Editor)
Format: Actes de congresos Llibre
Idioma:anglès
Publicat: Dordrecht Springer 2011
Col·lecció:New ICMI Study Series, 14
Matèries:
Etiquetes: Afegir etiqueta
Sense etiquetes, Sigues el primer a etiquetar aquest registre!

MARC

LEADER 00000cam a2200000 a 4500
001 UCF4911
003 CL-VaPUC
005 20231219145313.0
008 130110e20110000NE |||||||||||||||||eng|d
999 |c 350588  |d 350586 
020 |a 9789400711303 
040 |c Pontificia Universidad Católica de Valparaíso 
082 0 4 |a 519.5071  |b BAT  |2 21 
100 0 |a Batanero, Carmen  |e editor  |9 566622 
245 1 0 |a Teaching statistics in school mathematics-challenges for teaching and teacher education 
260 |a Dordrecht  |b Springer  |c 2011 
300 |a 425 p 
490 0 |a New ICMI Study Series, 14 
583 |a last modification  |c 20190321 03:34:45  |k Rodrigo Vera 
650 0 |a Estadística   |9 259535 
650 0 |a Educación matemática   |9 468452 
650 0 |a Estudio y enseñanza  |9 270395  |x Formación de profesores 
650 0 |a Conferencias  |9 259469 
700 0 |a Burrill, Gail  |e editor  |9 566623 
700 0 |a Reading, Chris  |e author  |9 566624 
710 |a Comisión Internacional para la Enseñanza de las Matemáticas  |9 886670 
710 |a Asociación Internacional de Educación Estadística  |9 886671 
711 |a Conferencia conjunta de estudios ICMI/IASE  |c Monterrey Campus, México.  |d 2008  |9 886672 
942 |c BK  |2 ddc 
945 |d 20130110 00:00:00  |a cmena 
952 |0 0  |1 0  |2 ddc  |4 0  |6 519_507100000000000_BAT_2011  |7 0  |8 A  |9 454121  |a BIBMAT  |b BIBMAT  |c E_DIDACT  |d 2019-11-22  |i 4941926  |l 2  |m 7  |o 519.5071 BAT 2011  |p 4941926  |q 2025-07-31  |r 2021-12-13  |s 2021-12-13  |w 2019-11-22  |y BK  |k MAT 
952 |0 0  |1 0  |3 erd  |4 0  |6 519_507100000000000_BAT_2011  |7 0  |8 A  |9 454122  |a BIBMAT  |b BIBMAT  |c E_DIDACT  |i 5538807  |l 1  |o 519.5071 BAT 2011  |p 5538807  |r 2025-01-07  |s 2020-04-02  |w 2019-11-22  |y BK  |z Catalogado en:20190322  |k MAT